Sports Quiz

Random Sports or Football Quiz

Sports... By Other 14 Categories! Quiz Stats

 Plays Quiz Updated Aug 3, 2018

Challenge
Share
Tweet
Embed
Score 0/14 Timer 06:00
13 Plays Today
Question Answer Wrong Answers
Science: What is the official distance of a marathon? 26.2 miles (42.2 km)
83.7%
22.6 miles (36.4 km)
3.6%
24.2 miles (38.9 km)
6.2%
28.6 miles (46.0 km)
2.6%
Gaming: Which video game company has released annual FIFA games since 1995? Electronic Arts
82.7%
Nintendo‎
10.6%
Ubisoft‎
2.4%
Warner Bros.
0.7%
Religion: For the glory of which Greek god were the Ancient Olympic Games held? Zeus
80.1%
Dionysus
5.6%
Hephaestus
2.8%
Hermes
7.8%
Television: Which Red Sox pitcher starred in The Simpsons episode Homer at the Bat, which aired on February 20, 1992? Roger Clemens
76.2%
Tom Bolton
5.2%
Mike Gardiner
7.6%
Joe Hesketh
7.1%
Language: Which French loanword originally meaning 'sword' stands for the heaviest weapon in fencing? épée
69%
acier
10.1%
fer
5.2%
glaive
11.9%
Entertainment: Which NFL quarterback and actor got the nickname 'Broadway Joe'? Joe Namath
66.2%
Joe Ferguson
2.8%
Joe Montana
24.7%
Joe Theismann
2.6%
Holiday: On what holiday do many prominent NCAA football bowl games traditionally occur? New Year's Day
65.1%
Christmas Day
3.4%
Thanksgiving
24.1%
Washington's Birthday
3.5%
Music: What NFL team recorded a Grammy-nominated single called 'The Super Bowl Shuffle' two months prior to winning the Super Bowl in the 1980s? Chicago Bears
63.7%
San Francisco 49ers
14.8%
Dallas Cowboys
10.9%
New York Giants
6.6%
Movies: Which of the following sports films did not win the Academy Award for Best Picture? Jerry Maguire
63.4%
Chariots of Fire
9.9%
Million Dollar Baby
8.7%
Rocky
13.9%
Literature: Which sport is played by one of the main female characters of Francis Scott Fitzgerald's novel The Great Gatsby? Golf
55.7%
American football
4%
Baseball
8.3%
Field hockey
28.2%
Geography: What South American country hosted (and won) the first FIFA World Cup in 1930? Uruguay
54.9%
Argentina
10.1%
Brazil
28.6%
Chile
2.7%
Miscellaneous: Which car manufacturer has been the principal sponsor of Premier League team Manchester United since 2014? Chevrolet
45.8%
Renault
30%
Toyota
6.9%
Volkswagen
13.5%
History: Which famous African football (soccer) player was elected President of his country on December 26, 2017? George Weah, Liberia
43.2%
Didier Drogba, Côte d'Ivoire
22.4%
Michael Essien, Ghana
16.6%
Emmanuel Adebayor, Togo
13.9%
Just For Fun: Unscramble the name of the NBA team whose mascot is Hooper (location isn't given). Instops
25.4%
Capelins
17.2%
Lasker
28%
Parsec
23.1%

You're not logged in!

Compare scores with friends on all Sporcle quizzes.
OR
Log In

You Might Also Like...

Show Comments

Extras

Top Quizzes Today


Score Distribution

Your Account Isn't Verified!

In order to create a playlist on Sporcle, you need to verify the email address you used during registration. Go to your Sporcle Settings to finish the process.

Report this User

Report this user for behavior that violates our Community Guidelines.

Details: